Motivos de uso y no uso de puentes peatonales en la Ciudad de México: la perspectiva de los peatones /
Se pretenden analizar los motivos de uso y no uso de los puentes peatonales; lo anterior se realiza mediante un diseño transversal a partir de una muestra de usuarios y no usuarios; para identificar los factores que influyen en el uso o no uso se utilizó regresión logística. Se observa que la mitad...
Salvato in:
| Autore principale: | |
|---|---|
| Altri autori: | , , , , , , , |
| Natura: | testo |
| Soggetti: | |
| Tags: |
Aggiungi Tag
Nessun Tag, puoi essere il primo ad aggiungerne!!
|
MARC
| LEADER | 00000 a a2200000 04500 | ||
|---|---|---|---|
| 001 | 43097 | ||
| 003 | |||
| 040 | |||
| 100 | |a Hidalgo-Solorzano, Elisa | ||
| 245 | |a Motivos de uso y no uso de puentes peatonales en la Ciudad de México: |b la perspectiva de los peatones / |c Elisa Hidalgo-Solorzano; Julio Campuzano-Rincón ; Jorge M. Rodríguez-Hernández ; Luis Chias-Becerril ; Héctor Reséndiz-López ; Harvey Sánchez-Restrepo ; Bernardo Baranda-Sepúveda ; Claudia Franco-Arias ; Martha Híjar | ||
| 520 | |a Se pretenden analizar los motivos de uso y no uso de los puentes peatonales; lo anterior se realiza mediante un diseño transversal a partir de una muestra de usuarios y no usuarios; para identificar los factores que influyen en el uso o no uso se utilizó regresión logística. Se observa que la mitad de los peatones no utilizan el puente, la principal razón para no utilizarlo se relaciona con pereza o tedio; por otro lado, la razón principal para utilizarlo es lo relativo a seguridad. Los resultados del estudio permiten identificar aspectos importantes a considerar desde la perspectiva de los peatones antes de construir un puente peatonal; así como la necesidad de mejorar otros para incrementar de esta manera el paso por el mismo. | ||
| 590 | |a KSR/JUNIO2012 | ||
| 650 | |a 1.PUENTES | ||
| 650 | |a 2.PEATONES | ||
| 650 | |a 3.ACCIDENTES DE TRANSITO | ||
| 650 | |a 4.PREVENCION DE ACCIDENTES | ||
| 650 | |a 5.MEXICO | ||
| 700 | |a Campuzano-Rincón, Julio | ||
| 700 | |a Rodríguez-Hernández, Jorge M. | ||
| 700 | |a Chias-Becerril, Luis | ||
| 700 | |a Reséndiz-López, Héctor | ||
| 700 | |a Sánchez-Restrepo, Harvey | ||
| 700 | |a Baranda-Sepúveda, Bernardo, | ||
| 700 | |a Franco-Arias, Claudia | ||
| 700 | |a Híjar, Martha | ||
| 773 | |g volumen52, número6 ( , 2010), páginas | ||
| 999 | |c 37084 |d 37084 | ||
